Southville International School and Colleges
Your cart is empty.
  • Cart
  • Lists
    Public lists Eva Luna New books Lux_list list_1
    Your lists Log in to create your own lists
  • Log in to your account
  • Your cookies
  • Search history
Southville International School and Colleges
  • Advanced search
  • Recent comments
  • Most popular
  • Libraries

Log in to your account

Log in with GOOGLE


If you do not have an external account, but do have a local account, you can still log in:

  1. Home
  2. MARC view: Effective project management :
Normal view MARC view ISBD view

Effective project management : (Record no. 276954)

[ view plain ]
MARC details
000 -LEADER
fixed length control field 00896nam a22002655i 4500
001 - CONTROL NUMBER
control field 17923050
005 - DATE AND TIME OF LATEST TRANSACTION
control field 20141211163500.0
008 - FIXED-LENGTH DATA ELEMENTS--GENERAL INFORMATION
fixed length control field 131030s2013 inu 000 0 eng
010 ## - LIBRARY OF CONGRESS CONTROL NUMBER
LC control number 2013954088
020 ## - INTERNATIONAL STANDARD BOOK NUMBER
International Standard Book Number 9781118729168 (pbk. : alk. paper)
020 ## - INTERNATIONAL STANDARD BOOK NUMBER
International Standard Book Number 1118729161 (pbk. : alk. paper)
040 ## - CATALOGING SOURCE
Original cataloging agency DLC
Language of cataloging eng
Description conventions rda
Transcribing agency DLC
042 ## - AUTHENTICATION CODE
Authentication code pcc
050 ## - LIBRARY OF CONGRESS CALL NUMBER
Classification number HD 69.P75
Item number .W994 2014
100 1# - MAIN ENTRY--PERSONAL NAME
Personal name Wysocki, Robert K.
245 10 - TITLE STATEMENT
Title Effective project management :
Remainder of title traditional, agile, extreme /
Statement of responsibility, etc Robert K Wysocki.
250 ## - EDITION STATEMENT
Edition statement 7th ed.
260 ## - PUBLICATION, DISTRIBUTION, ETC. (IMPRINT)
Place of publication, distribution, etc India :
Name of publisher, distributor, etc John Wiley & Sons, Inc.,
Date of publication, distribution, etc 2014.
300 ## - PHYSICAL DESCRIPTION
Extent xlii, 726 pages :
Other physical details illustration ;
Dimensions 23 cm.
504 ## - BIBLIOGRAPHY, ETC. NOTE
Bibliography, etc Includes Index and Bibliographical References.
650 ## - SUBJECT ADDED ENTRY--TOPICAL TERM
Topical term or geographic name as entry element Project Management
General subdivision Traditional
-- Agile
-- Extreme.
906 ## - LOCAL DATA ELEMENT F, LDF (RLIN)
a 0
b ibc
c orignew
d 2
e epcn
f 20
g y-gencatlg
942 ## - ADDED ENTRY ELEMENTS (KOHA)
Source of classification or shelving scheme Library of Congress Classification
Koha item type Books
Call number prefix Foreign
Holdings
Withdrawn status Lost status Source of classification or shelving scheme Damaged status Home library Current library Shelving location Date acquired Source of acquisition Cost, normal purchase price Total Checkouts Full call number Barcode Date last seen Price effective from Koha item type
    Library of Congress Classification   College Library College Library Graduate Section 09/29/2014 Library Fund 5521.00   HD 69.P75 .W994 2014 C18707 03/14/2017 09/29/2014 Books
    Library of Congress Classification   College Library College Library Reserve Section 12/11/2014 Library Fund 5521.00   HD 69.P75 .W994 2014 C19032 12/11/2014 12/11/2014 Books

Effective project management :

APA

Wysocki R. K., . (2014). Effective project management. India: John Wiley & Sons, Inc.

Chicago

Wysocki Robert K, . 2014. Effective project management. India: John Wiley & Sons, Inc.

Harvard

Wysocki R. K., . (2014). Effective project management. India: John Wiley & Sons, Inc.

MLA

Wysocki Robert K, . Effective project management. India: John Wiley & Sons, Inc. 2014.

  • Place hold
  • Print
  • Cite
  • Add to your cart (remove)
  • Save record
    BIBTEX Dublin Core MARCXML MARC (non-Unicode/MARC-8) MARC (Unicode/UTF-8) MARC (Unicode/UTF-8, Standard) MODS (XML) RIS
  • More searches
    Search for this title in:
    Other Libraries (WorldCat) Other Databases (Google Scholar) Online Stores (Bookfinder.com) Open Library (openlibrary.org)

Exporting to Dublin Core...

SOUTHVILLE LIBRARY

Southville International School and Colleges Library

1281 Tropical Ave. Cor. Luxembourg St., BF Homes International, Las Pinas City

Tel. No. 8256374 / 252358 Loc. 117/146

Powered by Koha